| 000 | 00573nam a22001697a 4500 | ||
|---|---|---|---|
| 008 | 130821s1922 fr gr fre | ||
| 040 |
_aCo-BoUCM _bspa |
||
| 041 | 0 | 0 | _afre |
| 100 |
_aPater, Walter Horatio _9149905 |
||
| 245 | 0 | 0 |
_aMarius l'epicurien _broman philosophique _cWalter Pater ; traduit par E. Coppinger |
| 260 |
_aParís (Francia) _bLibrairie Academique Perrin _c1922 |
||
| 300 | _a282 páginas | ||
| 500 | _aIncluye índice | ||
| 650 | 0 | 4 |
_aNovela inglesa _920530 |
| 942 |
_cLIBRO _a18 _e1 _mP17 _n0 _2DEWEY _h823 |
||
| 999 |
_c86413 _d86413 |
||